ბათუმის შოთა რუსთაველის სახელმწიფო უნივერსიტეტის ბიბლიოთეკა

ძმები კარამაზოვები. რომანი 2 ტომად : (ბიბ.ჩანაწერი № 53037)

000 -ლიდერი
ფიქსირებული სიგრძის საკონტროლო ველი 01413nam a2200265Ia 4500
001 - საკონტროლო ნომერი
საკონტროლო ველი 20073
003 - საკონტროლო ნომრის იდენტიფიკატორი
საკონტროლო ველი GE_BSU
005 - ბოლო ოპერაციის თარიღი და დრო
საკონტროლო ველი 20200113174452.0
008 - ფიქსირებული სიგრძის მონაცემთა ელემენტები - ზოგადი ინფორმაცია
ფიქსირებული სიგრძის საკონტროლო ველი 181216s2011||||ge |||||||||||||| ||geo||
020 ## - წიგნის საერთაშორისო სტანდარტული ნომერი
International Standard Book Number 978-9941-0-3343-8
040 ## - კატალოგიზაციის წყარო
Transcribing agency GE_BSU
041 ## - ენის კოდი
Language code of text/sound track or separate title geo
Language code of original and/or intermediate translations of text rus
080 ## - უნივერსალური ათობითი კლასიფიკაციის ინდექსი
Universal Decimal Classification number 821.161.1-31 დ-77
100 ## - მთავარი ჩანაწერი - პიროვნების სახელი
Personal name დოსტოევსკი, ფიოდორ (1821-1881)
9 (RLIN) 6090
245 ## - ცნობა სათაურის შესახებ
Title ძმები კარამაზოვები. რომანი 2 ტომად :
Remainder of title ტ.1 /
Statement of responsibility, etc რუს. თარგმნა ვაჟა ახალაძემ ; მთ. რედ. ნათია ნაცვლიშვილი, რედ. გიორგი ლობჟანიძე; ნახატი ყდაზე გურამ ნავროზაშვილი.
264 ## - წარმოების, გამოცემის, დისტრიბუციის და სხვა ცნობები
გამოცემის, წარმოების, დისტრიბუციის... ადგილი თბილისი :
გამოცემის, წარმოების, დისტრიბუციის... სახელწოდება ლაბირინთი,
გამოცემის, წარმოების, დისტრიბუციის... თარიღი 2011.
300 ## - ფიზიკური აღწერა
Extent 487 გვ. ;
Other physical details 20 სმ.
490 ## - სერიის ცნობა
Series statement კლასიკა,
International Standard Serial Number ISSN 1987-9709
653 ## - INDEX TERM--UNCONTROLLED
Uncontrolled term რომანი
700 ## - ADDED ENTRY--PERSONAL NAME
Personal name ახალაძე, ვაჟა
Relator term მთარგმნელი
9 (RLIN) 6091
700 ## - ADDED ENTRY--PERSONAL NAME
Personal name ნაცვლიშვილი, ნათია
Relator term რედაქტორი
9 (RLIN) 890
700 ## - ADDED ENTRY--PERSONAL NAME
Personal name ლობჟანიძე, გიორგი
Relator term რედაქტორი
9 (RLIN) 6092
700 ## - ADDED ENTRY--PERSONAL NAME
Personal name ნავროზაშვილი, გურამ
Relator term მხატვარი
9 (RLIN) 6093
942 ## - ADDED ENTRY ELEMENTS (KOHA)
Koha item type წიგნი
Source of classification or shelving scheme
ეგზემპლარები
ჩამოწერის სტატუსი დაკარგული ეგზემპლარის სტატუსი კლასიფიკაციის წყარო ან თაროზე გაწყობის სქემა დაზიანების სტატუსი არ გაიცემა მუდმივი მდებარეობა (დაცვის ადგილი) ამჟამინდელი ადგილსამყოფელი თაროზე განთავსების ადგილი შეძენის თარიღი ღირებულება, შესყიდვის ნორმალური ფასი სრული შენახვის შიფრი შტრიხკოდი ბოლო ოპერაციის თარიღი ეგზემპლარის მიმდევრობითი ნომერი (კეტერი?) ფასის ძალაში შესვლის თარიღი ეგზემპლარის სახეობა საჯარო შენიშვნა
          ბათუმის შოთა რუსთაველის სახელმწიფო უნივერსიტეტის მთავარი ბიბლიოთეკა ბათუმის შოთა რუსთაველის სახელმწიფო უნივერსიტეტის მთავარი ბიბლიოთეკა წიგნსაცავი 2018-12-17 13.00 821.161.1-31 დ-77 27891 2018-12-17 27891 2018-12-17 წიგნი 13 ლ.